[Event "DVM U12 2020"]
[Site "Magdeburg GER"]
[Date "2021.08.07"]
[Round "6"]
[White "Mende, Lukas"]
[Black "von Knorre, Christoph"]
[Result "1-0"]
[Termination "normal"]
[Board "9.3"]
[WhiteElo "1044"]
[BlackElo "1101"]
[WhiteClock "01:08:09"]
[BlackClock "00:26:05"]
[WhiteTeam "Tischtennisclub Grün-Weiß Fritzdorf 1958 e. V."]
[BlackTeam "VSG 1880 Offenbach"]
[PlyCount "95"]
[WhiteFideId "34608257"]
[BlackFideId "34608109"]
[EventCountry "GER"]
[EventRounds "7"]
[EventType "team-swiss"]
[EventDate "2021.08.04"]

1. e4 {[%clk 01:30:58]} {[%emt 00:00:09]} e5 {[%clk 01:30:52]} {[%emt
00:02:55]} 2. Nf3 {[%clk 01:31:25]} Nc6 {[%clk 01:30:35]} 3. d4 {[%clk
01:31:40]} exd4 {[%clk 01:30:17]} 4. Nxd4 {[%clk 01:31:50]} Bc5 {[%clk
01:30:30]} 5. Be3 {[%clk 01:32:03]} Qf6 {[%clk 01:30:10]} {[%emt 00:00:44]} 6.
Nxc6 {[%clk 01:31:50]} {[%emt 00:01:04]} Qxc6 {[%clk 01:30:18]} {[%emt
00:00:05]} 7. Bxc5 {[%clk 01:32:06]} {[%emt 00:00:11]} Qxc5 {[%clk 01:30:22]}
{[%emt 00:06:55]} 8. Nc3 {[%clk 01:32:26]} Nf6 {[%clk 01:30:35]} 9. Bd3 {[%clk
01:32:42]} d6 {[%clk 01:29:05]} 10. O-O {[%clk 01:32:58]} O-O {[%clk 01:28:18]}
{[%emt 00:00:13]} 11. Qf3 {[%clk 01:31:25]} Qg5 {[%clk 01:22:56]} {[%emt
00:20:56]} 12. Rfe1 {[%clk 01:29:09]} Bd7 {[%clk 01:14:11]} 13. Nd5 {[%emt
00:02:23]} Nxd5 {[%clk 01:07:56]} {[%emt 00:09:44]} 14. exd5 {[%clk 01:19:55]}
{[%emt 00:09:35]} Rae8 {[%clk 01:01:05]} 15. Re4 {[%clk 01:17:41]} {[%emt
00:01:56]} Rxe4 {[%clk 00:58:14]} {[%emt 00:09:08]} 16. Qxe4 {[%clk 01:17:58]}
g6 {[%clk 00:58:12]} 17. Qb4 {[%clk 01:17:16]} {[%emt 00:00:18]} Qxd5 {[%clk
00:53:25]} {[%emt 00:24:22]} 18. Be4 {[%clk 01:16:27]} Qb5 {[%clk 00:51:45]}
19. Qxb5 {[%clk 01:12:58]} {[%emt 00:00:09]} Bxb5 {[%clk 00:50:57]} 20. Bxb7
{[%clk 01:09:55]} Re8 {[%clk 00:47:30]} 21. Bf3 {[%clk 01:10:11]} {[%emt
00:00:04]} c5 {[%clk 00:45:24]} 22. a4 {[%clk 01:10:05]} Bd7 {[%clk 00:41:49]}
{[%emt 00:00:16]} 23. Kf1 {[%clk 01:09:50]} {[%emt 00:00:44]} Bf5 {[%clk
00:41:03]} {[%emt 00:06:13]} 24. Rc1 {[%clk 01:10:00]} a5 {[%clk 00:38:47]} 25.
Bc6 {[%clk 01:09:41]} Re7 {[%clk 00:37:57]} {[%emt 00:00:17]} 26. Bb5 {[%clk
01:09:50]} {[%emt 00:00:21]} Kg7 {[%clk 00:35:06]} {[%emt 00:07:08]} 27. c3
{[%clk 01:07:58]} Bd7 {[%clk 00:34:20]} 28. Rd1 {[%clk 01:08:04]} {[%emt
00:00:37]} Bxb5+ {[%clk 00:31:00]} {[%emt 00:06:59]} 29. axb5 {[%clk 01:08:16]}
c4 {[%clk 00:29:44]} 30. Rxd6 {[%clk 01:08:09]} Rb7 {[%clk 00:29:46]} 31. b6
{[%clk 01:08:23]} Kf8 {[%clk 00:28:35]} {[%emt 00:01:46]} 32. Rc6 {[%clk
01:07:41]} {[%emt 00:05:44]} Ke8 {[%clk 00:28:21]} 33. Rxc4 {[%clk 01:07:47]}
Rxb6 {[%clk 00:28:00]} 34. Ra4 {[%clk 01:07:52]} {[%emt 00:00:05]} Rxb2 {[%clk
00:27:32]} 35. Rxa5 {[%clk 01:07:57]} Rc2 {[%clk 00:27:53]} 36. Rc5 {[%clk
01:08:19]} Ke7 {[%clk 00:27:47]} {[%emt 00:00:04]} 37. Rc7+ {[%clk 01:08:40]}
Kf6 {[%clk 00:27:40]} {[%emt 00:14:13]} 38. g3 h6 39. c4 {[%clk 01:06:27]} Ke6
{[%clk 00:27:25]} 40. c5 {[%clk 01:06:47]} {[%emt 00:00:04]} Rd2 {[%clk
00:27:18]} 41. c6 {[%clk 01:06:37]} Rd8 {[%clk 00:26:01]} 42. Kg2 {[%clk
01:06:52]} Kd6 {[%clk 00:26:15]} 43. Rxf7 {[%clk 01:07:09]} {[%emt 00:00:04]}
Kxc6 {[%clk 00:25:15]} 44. Rf6+ {[%clk 01:07:18]} {[%emt 00:00:05]} Kd5 {[%clk
00:25:27]} 45. Rxg6 {[%clk 01:07:34]} Rh8 {[%clk 00:25:44]} 46. Kf3 {[%clk
01:07:35]} {[%emt 00:08:25]} Ke5 {[%clk 00:26:05]} 47. Kg4 {[%clk 01:07:54]}
Rf8 {[%clk 00:26:05]} 48. f4+ {[%clk 01:08:09]} 1-0

[Event "DVM U12 2020"]
[Site "Magdeburg GER"]
[Date "2021.08.07"]
[Round "6"]
[White "Hentschker, Merlin"]
[Black "Mende, Alexander"]
[Result "1-0"]
[Termination "normal"]
[Board "9.4"]
[WhiteElo "1060"]
[BlackElo "866"]
[WhiteClock "01:08:21"]
[BlackClock "01:15:36"]
[WhiteTeam "VSG 1880 Offenbach"]
[BlackTeam "Tischtennisclub Grün-Weiß Fritzdorf 1958 e. V."]
[PlyCount "89"]
[WhiteFideId "16294483"]
[BlackFideId "34608265"]
[EventCountry "GER"]
[EventRounds "7"]
[EventType "team-swiss"]
[EventDate "2021.08.04"]

1. e4 {[%clk 01:30:58]} e5 {[%clk 01:30:52]} 2. Nf3 {[%clk 01:31:23]} Nc6
{[%clk 01:31:15]} {[%emt 00:00:13]} 3. Bb5 {[%clk 01:31:45]} d6 {[%clk
01:31:36]} {[%emt 00:00:10]} 4. O-O {[%clk 01:32:05]} {[%emt 00:00:37]} Nf6
{[%clk 01:31:58]} 5. Re1 {[%clk 01:32:19]} Bd7 {[%clk 01:32:17]} 6. c3 {[%clk
01:32:24]} {[%emt 00:00:24]} a6 {[%clk 01:32:33]} {[%emt 00:02:37]} 7. Ba4
{[%clk 01:32:48]} Ne7 {[%clk 01:31:43]} 8. d4 {[%clk 01:32:30]} b5 {[%clk
01:31:22]} {[%emt 00:00:43]} 9. Bc2 {[%clk 01:32:30]} {[%emt 00:00:38]} Nc6
{[%clk 01:31:33]} {[%emt 00:00:09]} 10. Bg5 {[%clk 01:31:52]} {[%emt 00:02:01]}
Be7 {[%clk 01:31:49]} 11. Nbd2 {[%clk 01:31:43]} h6 {[%clk 01:30:57]} {[%emt
00:01:24]} 12. Be3 {[%clk 01:32:00]} {[%emt 00:00:17]} O-O {[%clk 01:31:05]}
{[%emt 00:00:32]} 13. h3 {[%clk 01:32:05]} {[%emt 00:00:08]} Rb8 {[%clk
01:29:27]} {[%emt 00:02:17]} 14. Nf1 {[%clk 01:30:47]} {[%emt 00:01:40]} Re8
{[%clk 01:28:35]} {[%emt 00:02:09]} 15. Ng3 {[%clk 01:30:31]} d5 {[%clk
01:28:04]} {[%emt 00:02:13]} 16. dxe5 {[%clk 01:29:49]} Nxe4 {[%clk 01:28:22]}
{[%emt 00:00:23]} 17. Nxe4 {[%clk 01:30:00]} {[%emt 00:03:50]} dxe4 {[%clk
01:28:38]} 18. Bxe4 {[%clk 01:30:15]} f5 {[%clk 01:27:58]} 19. exf6 {[%clk
01:28:20]} {[%emt 00:00:45]} Bxf6 {[%clk 01:28:09]} {[%emt 00:00:39]} 20. Bd5+
{[%clk 01:28:21]} Kh8 {[%clk 01:28:21]} {[%emt 00:00:05]} 21. b4 {[%clk
01:20:33]} {[%emt 00:08:33]} Bxc3 {[%clk 01:27:25]} {[%emt 00:01:08]} 22. Rc1
{[%clk 01:19:31]} {[%emt 00:01:38]} Bxe1 {[%clk 01:27:38]} {[%emt 00:00:55]}
23. Qxe1 {[%clk 01:19:21]} Ne5 {[%clk 01:27:23]} {[%emt 00:00:43]} 24. Qd1
{[%clk 01:14:32]} {[%emt 00:05:22]} Nxf3+ {[%clk 01:26:52]} {[%emt 00:02:44]}
25. Bxf3 {[%clk 01:14:24]} Be6 {[%clk 01:26:13]} 26. Qc2 {[%clk 01:11:09]}
{[%emt 00:09:26]} Bc4 {[%clk 01:25:35]} 27. Ba7 {[%clk 01:11:02]} Rc8 {[%clk
01:24:39]} 28. Bb7 {[%clk 01:11:20]} Re2 {[%clk 01:24:49]} 29. Qc3 {[%clk
01:10:46]} Rxa2 {[%clk 01:23:32]} {[%emt 00:02:36]} 30. Bxc8 {[%clk 01:11:04]}
Qxc8 {[%clk 01:23:54]} 31. Bd4 {[%clk 01:10:59]} Qf8 {[%clk 01:23:35]} {[%emt
00:00:08]} 32. Ra1 {[%clk 01:10:13]} {[%emt 00:01:08]} Rxa1+ {[%clk 01:19:13]}
{[%emt 00:04:56]} 33. Qxa1 {[%clk 01:10:05]} {[%emt 00:01:18]} Qxb4 {[%clk
01:19:26]} 34. Bxg7+ {[%clk 01:10:09]} Kg8 {[%clk 01:19:42]} {[%emt 00:00:33]}
35. Bxh6 {[%clk 01:10:22]} {[%emt 00:00:14]} Qe7 {[%clk 01:19:19]} {[%emt
00:00:35]} 36. Qxa6 {[%clk 01:09:18]} {[%emt 00:01:49]} Kh7 {[%clk 01:18:59]}
{[%emt 00:00:38]} 37. Be3 {[%clk 01:08:33]} {[%emt 00:01:42]} Qg7 {[%clk
01:18:41]} {[%emt 00:00:24]} 38. Qc6 {[%clk 01:08:01]} {[%emt 00:01:20]} Qa1+
{[%clk 01:18:28]} {[%emt 00:00:22]} 39. Kh2 {[%clk 01:08:20]} {[%emt 00:13:18]}
Qe5+ 40. g3 Qg7 {[%clk 01:16:42]} 41. Qe4+ {[%clk 01:07:57]} Kg8 42. Bd4 Qf7
{[%clk 01:15:24]} 43. Qg4+ {[%clk 01:07:55]} {[%emt 00:00:03]} Kf8 {[%clk
01:15:20]} 44. Bc5+ {[%clk 01:08:01]} Ke8 {[%clk 01:15:36]} 45. Qc8# {[%clk
01:08:21]} 1-0

[Event "DVM U10 2020"]
[Site "Magdeburg GER"]
[Date "2021.08.07"]
[Round "4"]
[White "Goldmann, David"]
[Black "Malinowsky, Levi"]
[Result "1/2-1/2"]
[Termination "normal"]
[Board "1.1"]
[WhiteElo "1629"]
[BlackElo "1593"]
[WhiteClock "00:12:01"]
[BlackClock "00:05:39"]
[WhiteTeam "Hamburger SK von 1830 eV"]
[BlackTeam "SK Doppelbauer Kiel"]
[PlyCount "103"]
[WhiteFideId "16268920"]
[BlackFideId "16253094"]
[EventCountry "GER"]
[EventRounds "7"]
[EventType "team-swiss"]
[EventDate "2021.08.06"]

1. e4 {[%clk 00:55:05]} {[%emt 00:00:05]} c5 {[%clk 00:55:01]} {[%emt
00:00:10]} 2. Nc3 {[%clk 00:55:02]} {[%emt 00:00:08]} e6 {[%clk 00:54:45]}
{[%emt 00:00:20]} 3. g3 {[%clk 00:54:59]} {[%emt 00:00:08]} Nc6 {[%clk
00:54:23]} {[%emt 00:00:27]} 4. Bg2 {[%clk 00:54:59]} {[%emt 00:00:05]} Nge7
{[%clk 00:53:48]} {[%emt 00:00:40]} 5. Nge2 {[%clk 00:54:46]} {[%emt 00:00:18]}
g6 {[%clk 00:52:28]} {[%emt 00:01:26]} 6. d3 {[%clk 00:54:24]} {[%emt
00:00:26]} Bg7 {[%clk 00:51:50]} {[%emt 00:00:43]} 7. Be3 {[%clk 00:54:18]}
{[%emt 00:00:11]} b6 {[%clk 00:50:49]} {[%emt 00:01:06]} 8. O-O {[%clk
00:52:12]} {[%emt 00:02:11]} Bb7 {[%clk 00:49:52]} {[%emt 00:01:01]} 9. Qd2
{[%clk 00:50:20]} {[%emt 00:01:59]} O-O {[%clk 00:47:39]} {[%emt 00:02:17]} 10.
Bh6 {[%clk 00:50:03]} {[%emt 00:00:23]} d5 {[%clk 00:46:06]} {[%emt 00:01:38]}
11. Bxg7 {[%clk 00:49:57]} {[%emt 00:00:10]} Kxg7 {[%clk 00:46:00]} {[%emt
00:00:11]} 12. exd5 {[%clk 00:48:58]} {[%emt 00:01:04]} exd5 {[%clk 00:45:05]}
{[%emt 00:01:00]} 13. d4 {[%clk 00:47:39]} {[%emt 00:01:25]} Na5 {[%clk
00:40:37]} {[%emt 00:04:32]} 14. b3 {[%clk 00:44:30]} {[%emt 00:03:14]} c4
{[%clk 00:36:37]} {[%emt 00:04:05]} 15. Nf4 {[%clk 00:42:36]} {[%emt 00:02:00]}
Qd6 {[%clk 00:35:06]} {[%emt 00:01:35]} 16. Rab1 {[%clk 00:40:10]} {[%emt
00:02:31]} cxb3 {[%clk 00:33:30]} {[%emt 00:01:40]} 17. cxb3 {[%clk 00:38:09]}
{[%emt 00:02:06]} Rfd8 {[%clk 00:32:21]} {[%emt 00:01:14]} 18. Rfe1 {[%clk
00:35:20]} {[%emt 00:02:54]} Rac8 {[%clk 00:31:22]} {[%emt 00:01:04]} 19. Nb5
{[%clk 00:33:05]} {[%emt 00:02:20]} Qd7 {[%clk 00:27:33]} {[%emt 00:03:54]} 20.
Nxa7 {[%clk 00:31:20]} {[%emt 00:01:51]} Rc7 {[%clk 00:26:54]} {[%emt
00:00:43]} 21. Bf1 {[%clk 00:30:46]} {[%emt 00:00:40]} Nf5 {[%clk 00:23:38]}
{[%emt 00:03:21]} 22. Nb5 {[%clk 00:29:10]} {[%emt 00:01:39]} Rcc8 {[%clk
00:23:07]} {[%emt 00:00:38]} 23. Nc3 {[%clk 00:27:11]} {[%emt 00:02:04]} Nc6
{[%clk 00:20:36]} {[%emt 00:02:35]} 24. Nfe2 {[%clk 00:25:06]} {[%emt
00:02:10]} Ba6 {[%clk 00:19:44]} {[%emt 00:00:58]} 25. Bg2 {[%clk 00:23:13]}
{[%emt 00:01:58]} Nce7 {[%clk 00:17:27]} {[%emt 00:02:21]} 26. Na4 {[%clk
00:20:51]} {[%emt 00:02:27]} Qd6 {[%clk 00:16:10]} {[%emt 00:01:22]} 27. Rbc1
{[%clk 00:18:56]} {[%emt 00:02:00]} Re8 {[%clk 00:14:54]} {[%emt 00:01:21]} 28.
Rxc8 {[%clk 00:18:14]} {[%emt 00:00:47]} Nxc8 {[%clk 00:14:14]} {[%emt
00:00:46]} 29. Nf4 {[%clk 00:17:23]} {[%emt 00:00:56]} Rxe1+ {[%clk 00:13:29]}
{[%emt 00:00:50]} 30. Qxe1 {[%clk 00:16:25]} {[%emt 00:01:02]} Nxd4 {[%clk
00:13:01]} {[%emt 00:00:33]} 31. Nxd5 {[%clk 00:15:49]} {[%emt 00:00:41]} Bb7
{[%clk 00:11:54]} {[%emt 00:01:13]} 32. Nac3 {[%clk 00:15:10]} {[%emt
00:00:44]} Ne6 {[%clk 00:10:31]} {[%emt 00:01:28]} 33. Qe3 {[%clk 00:14:30]}
{[%emt 00:00:44]} h5 {[%clk 00:09:33]} {[%emt 00:01:03]} 34. Nf4 {[%clk
00:14:11]} {[%emt 00:00:25]} Bxg2 {[%clk 00:08:37]} {[%emt 00:01:00]} 35. Nxe6+
{[%clk 00:14:13]} {[%emt 00:00:03]} fxe6 {[%clk 00:08:14]} {[%emt 00:00:28]}
36. Kxg2 {[%clk 00:14:15]} {[%emt 00:00:04]} Ne7 {[%clk 00:07:58]} {[%emt
00:00:20]} 37. Ne2 {[%clk 00:13:46]} {[%emt 00:00:35]} Nf5 {[%clk 00:07:45]}
{[%emt 00:00:18]} 38. Qc3+ {[%clk 00:13:29]} {[%emt 00:00:22]} e5 {[%clk
00:07:06]} {[%emt 00:00:44]} 39. f4 {[%clk 00:13:11]} {[%emt 00:00:22]} Qd5+
{[%clk 00:06:39]} {[%emt 00:00:33]} 40. Kf2 {[%clk 00:13:07]} {[%emt 00:00:09]}
Qh1 {[%clk 00:05:53]} {[%emt 00:00:50]} 41. Qxe5+ {[%clk 00:13:04]} {[%emt
00:00:08]} Kh7 {[%clk 00:05:39]} {[%emt 00:00:19]} 42. Qc7+ {[%clk 00:12:01]}
{[%emt 00:01:08]} Kh6 {[%emt 00:00:34]} 43. Qxb6 {[%emt 00:00:01]} Qxh2+ {[%emt
00:00:02]} 44. Kf3 {[%emt 00:00:03]} Qh1+ {[%emt 00:00:02]} 45. Kf2 {[%emt
00:00:02]} Qh2+ 46. Kf3 Qh1+ {[%emt 00:00:01]} 47. Kf2 Qh2+ 48. Ke1 {[%emt
00:00:09]} Nxg3 {[%emt 00:00:02]} 49. Nxg3 {[%emt 00:00:02]} Qxg3+ {[%emt
00:00:02]} 50. Qf2 {[%emt 00:00:03]} Qc3+ 51. Qd2 {[%emt 00:00:01]} Qa1+ 52.
Ke2 {[%emt 00:00:03]} 1-0

[Event "DVM U10 2020"]
[Site "Magdeburg GER"]
[Date "2021.08.07"]
[Round "4"]
[White "Farokhi, Darian"]
[Black "Lu, Yunong Elias"]
[Result "0-1"]
[Termination "normal"]
[Board "1.2"]
[WhiteElo "1182"]
[BlackElo "1557"]
[WhiteClock "00:11:32"]
[BlackClock "00:18:38"]
[WhiteTeam "SK Doppelbauer Kiel"]
[BlackTeam "Hamburger SK von 1830 eV"]
[PlyCount "74"]
[WhiteFideId "16253108"]
[BlackFideId "16276426"]
[EventCountry "GER"]
[EventRounds "7"]
[EventType "team-swiss"]
[EventDate "2021.08.06"]

1. e4 {[%clk 00:55:07]} {[%emt 00:00:02]} c6 {[%clk 00:54:54]} {[%emt
00:00:17]} 2. d4 {[%clk 00:54:57]} {[%emt 00:00:15]} d5 {[%clk 00:54:45]}
{[%emt 00:00:13]} 3. exd5 {[%clk 00:54:53]} {[%emt 00:00:09]} cxd5 {[%clk
00:54:34]} {[%emt 00:00:16]} 4. Bd3 {[%clk 00:54:49]} {[%emt 00:00:09]} Nf6
{[%clk 00:54:00]} {[%emt 00:00:37]} 5. h3 {[%clk 00:54:51]} {[%emt 00:00:05]}
g6 {[%clk 00:53:48]} {[%emt 00:00:17]} 6. Nf3 {[%clk 00:54:50]} {[%emt
00:00:06]} Nc6 {[%clk 00:53:22]} {[%emt 00:00:29]} 7. c3 {[%clk 00:54:49]}
{[%emt 00:00:08]} Qc7 {[%clk 00:52:55]} {[%emt 00:00:32]} 8. O-O {[%clk
00:54:47]} {[%emt 00:00:07]} Bg7 {[%clk 00:52:53]} {[%emt 00:00:08]} 9. Nbd2
{[%clk 00:54:42]} {[%emt 00:00:10]} O-O {[%clk 00:52:04]} {[%emt 00:00:52]} 10.
Nb3 {[%clk 00:54:22]} {[%emt 00:00:25]} Bf5 {[%clk 00:51:00]} {[%emt 00:01:09]}
11. Bc2 {[%clk 00:51:40]} {[%emt 00:02:47]} e6 {[%clk 00:46:23]} {[%emt
00:04:43]} 12. Re1 {[%clk 00:51:05]} {[%emt 00:00:39]} Rfe8 {[%clk 00:45:33]}
{[%emt 00:00:55]} 13. Bg5 {[%clk 00:49:47]} {[%emt 00:01:24]} Bxc2 {[%emt
00:00:40]} 14. Qxc2 {[%clk 00:49:35]} {[%emt 00:00:15]} Ne4 {[%clk 00:44:43]}
{[%emt 00:00:22]} 15. Bd2 {[%clk 00:49:19]} {[%emt 00:00:21]} Nb4 {[%clk
00:44:18]} {[%emt 00:00:29]} 16. Qb1 {[%clk 00:48:54]} {[%emt 00:00:31]} Nc6
{[%clk 00:44:08]} {[%emt 00:00:15]} 17. Qd3 {[%clk 00:46:37]} {[%emt 00:01:58]}
Rad8 {[%clk 00:42:02]} {[%emt 00:02:35]} 18. Ng5 {[%clk 00:43:03]} {[%emt
00:03:40]} f5 {[%clk 00:40:42]} {[%emt 00:01:25]} 19. f3 {[%clk 00:38:43]}
{[%emt 00:04:24]} Qg3 {[%clk 00:38:54]} {[%emt 00:01:53]} 20. Nxe4 {[%clk
00:36:23]} {[%emt 00:02:25]} dxe4 {[%clk 00:36:09]} {[%emt 00:02:50]} 21. Qe3
{[%clk 00:34:46]} {[%emt 00:01:42]} exf3 {[%clk 00:35:40]} {[%emt 00:00:35]}
22. Qxf3 {[%clk 00:34:40]} {[%emt 00:00:10]} Qxf3 {[%clk 00:35:20]} {[%emt
00:00:25]} 23. gxf3 {[%clk 00:34:35]} {[%emt 00:00:10]} e5 {[%clk 00:34:59]}
{[%emt 00:00:26]} 24. dxe5 {[%clk 00:34:17]} {[%emt 00:00:23]} Nxe5 {[%clk
00:34:41]} {[%emt 00:00:23]} 25. Kg2 {[%clk 00:34:04]} {[%emt 00:00:18]} Kf7
{[%clk 00:33:10]} {[%emt 00:01:36]} 26. Bg5 {[%clk 00:24:33]} {[%emt 00:09:36]}
Bf6 {[%clk 00:28:14]} {[%emt 00:05:02]} 27. Bxf6 {[%clk 00:23:54]} {[%emt
00:00:43]} Kxf6 {[%clk 00:27:47]} {[%emt 00:00:32]} 28. Nd4 {[%clk 00:22:57]}
{[%emt 00:01:03]} Nd3 {[%clk 00:25:33]} {[%emt 00:02:04]} 29. Rxe8 {[%clk
00:22:48]} {[%emt 00:00:28]} Rxe8 {[%clk 00:24:52]} {[%emt 00:00:46]} 30. Kg3
{[%clk 00:15:59]} {[%emt 00:06:54]} f4+ {[%clk 00:23:43]} {[%emt 00:01:14]} 31.
Kg2 {[%clk 00:15:15]} {[%emt 00:00:49]} b6 {[%clk 00:21:48]} {[%emt 00:02:01]}
32. b3 {[%clk 00:13:55]} {[%emt 00:01:24]} Re3 {[%clk 00:20:16]} {[%emt
00:01:37]} 33. c4 {[%clk 00:13:06]} {[%emt 00:00:54]} a6 {[%clk 00:19:15]}
{[%emt 00:01:07]} 34. Nc2 {[%clk 00:12:40]} {[%emt 00:00:30]} Re2+ {[%clk
00:18:44]} {[%emt 00:00:37]} 35. Kf1 {[%clk 00:12:21]} {[%emt 00:00:22]} Rf2+
{[%clk 00:18:41]} {[%emt 00:00:09]} 36. Kg1 {[%clk 00:11:55]} {[%emt 00:00:29]}
Rxc2 {[%clk 00:18:40]} {[%emt 00:00:08]} 37. Rd1 {[%clk 00:11:32]} {[%emt
00:00:28]} Rc1 {[%clk 00:18:38]} {[%emt 00:00:07]} 0-1

[Event "DVM U10 2020"]
[Site "Magdeburg GER"]
[Date "2021.08.07"]
[Round "4"]
[White "Charchulla, Moritz"]
[Black "Wartenberg, Alexander"]
[Result "0-1"]
[Termination "normal"]
[Board "1.4"]
[WhiteElo "934"]
[BlackElo "1424"]
[WhiteClock "00:19:50"]
[BlackClock "00:19:04"]
[WhiteTeam "SK Doppelbauer Kiel"]
[BlackTeam "Hamburger SK von 1830 eV"]
[PlyCount "86"]
[WhiteFideId "34607579"]
[BlackFideId "16280768"]
[EventCountry "GER"]
[EventRounds "7"]
[EventType "team-swiss"]
[EventDate "2021.08.06"]

1. e4 {[%clk 00:55:09]} e5 {[%clk 00:55:04]} {[%emt 00:00:07]} 2. Nf3 {[%clk
00:55:07]} {[%emt 00:00:06]} Nf6 {[%clk 00:54:56]} {[%emt 00:00:13]} 3. Nc3
{[%clk 00:55:03]} {[%emt 00:00:09]} Nc6 {[%clk 00:54:53]} {[%emt 00:00:09]} 4.
d4 {[%clk 00:53:30]} {[%emt 00:01:38]} exd4 {[%clk 00:54:48]} {[%emt 00:00:09]}
5. Nxd4 {[%clk 00:53:23]} {[%emt 00:00:12]} Bb4 {[%clk 00:54:48]} {[%emt
00:00:05]} 6. Bc4 {[%clk 00:46:13]} {[%emt 00:07:15]} Nxe4 {[%clk 00:54:15]}
{[%emt 00:00:38]} 7. Nde2 {[%clk 00:45:51]} {[%emt 00:00:27]} Nxc3 {[%clk
00:53:53]} {[%emt 00:00:27]} 8. Nxc3 {[%clk 00:45:46]} {[%emt 00:00:10]} O-O
{[%clk 00:53:17]} {[%emt 00:00:42]} 9. O-O {[%clk 00:45:37]} {[%emt 00:00:14]}
d6 {[%clk 00:52:53]} {[%emt 00:00:29]} 10. Qf3 {[%clk 00:43:37]} {[%emt
00:02:04]} Ne5 {[%clk 00:51:04]} {[%emt 00:01:54]} 11. Qf4 {[%clk 00:42:07]}
{[%emt 00:01:35]} Bxc3 {[%emt 00:01:54]} 12. bxc3 {[%clk 00:41:54]} {[%emt
00:00:15]} Nxc4 {[%clk 00:48:12]} {[%emt 00:01:12]} 13. Qxc4 {[%clk 00:41:49]}
{[%emt 00:00:09]} Be6 {[%clk 00:46:33]} {[%emt 00:01:44]} 14. Qf4 {[%clk
00:41:21]} {[%emt 00:00:33]} Qf6 {[%clk 00:39:05]} {[%emt 00:07:33]} 15. Qg3
{[%clk 00:40:36]} {[%emt 00:00:50]} Qg6 {[%clk 00:37:55]} {[%emt 00:01:15]} 16.
Qd3 {[%clk 00:39:41]} {[%emt 00:01:00]} Bf5 {[%clk 00:37:20]} {[%emt 00:00:40]}
17. Qc4 {[%clk 00:38:46]} {[%emt 00:01:01]} c6 {[%clk 00:36:51]} {[%emt
00:00:34]} 18. Qb4 {[%clk 00:36:59]} {[%emt 00:01:52]} b6 {[%clk 00:36:11]}
{[%emt 00:00:45]} 19. Rd1 {[%clk 00:35:17]} {[%emt 00:01:46]} d5 {[%clk
00:33:40]} {[%emt 00:02:36]} 20. Bf4 {[%clk 00:33:29]} {[%emt 00:01:53]} Bxc2
{[%clk 00:33:25]} {[%emt 00:00:20]} 21. Re1 {[%clk 00:32:47]} {[%emt 00:00:47]}
Be4 {[%clk 00:32:22]} {[%emt 00:01:08]} 22. f3 {[%clk 00:32:30]} {[%emt
00:00:22]} Bxf3 {[%clk 00:32:04]} {[%emt 00:00:23]} 23. Bg3 {[%clk 00:32:19]}
{[%emt 00:00:16]} Be4 {[%clk 00:32:00]} {[%emt 00:00:10]} 24. c4 {[%clk
00:32:03]} {[%emt 00:00:21]} dxc4 {[%clk 00:30:10]} {[%emt 00:01:55]} 25. Qxc4
{[%clk 00:31:50]} {[%emt 00:00:17]} Bd5 {[%clk 00:29:54]} {[%emt 00:00:16]} 26.
Qa4 {[%clk 00:31:45]} {[%emt 00:00:15]} Qf6 {[%clk 00:28:32]} {[%emt 00:01:27]}
27. Be5 {[%clk 00:31:15]} {[%emt 00:00:35]} Qg5 {[%clk 00:27:10]} {[%emt
00:01:27]} 28. Bg3 {[%clk 00:31:05]} {[%emt 00:00:15]} Qd2 {[%clk 00:26:50]}
{[%emt 00:00:24]} 29. Bf2 {[%clk 00:30:35]} {[%emt 00:00:36]} Qa5 {[%clk
00:25:26]} {[%emt 00:01:29]} 30. Qc2 {[%clk 00:29:56]} {[%emt 00:00:44]} Rfe8
{[%clk 00:24:31]} {[%emt 00:00:29]} 31. Qb2 {[%clk 00:27:34]} {[%emt 00:02:58]}
Rxe1+ {[%clk 00:23:35]} {[%emt 00:01:01]} 32. Bxe1 {[%clk 00:27:32]} {[%emt
00:00:07]} Qb5 {[%clk 00:21:52]} {[%emt 00:01:48]} 33. Qf2 {[%clk 00:26:09]}
{[%emt 00:01:29]} Re8 {[%clk 00:21:24]} {[%emt 00:00:33]} 34. Qd4 {[%clk
00:23:57]} {[%emt 00:02:16]} Qe2 {[%clk 00:20:54]} {[%emt 00:00:35]} 35. Qf2
{[%clk 00:23:10]} {[%emt 00:00:53]} Qxf2+ {[%clk 00:20:37]} {[%emt 00:00:21]}
36. Bxf2 {[%clk 00:23:07]} {[%emt 00:00:08]} Re2 {[%clk 00:20:30]} {[%emt
00:00:12]} 37. a3 {[%clk 00:22:59]} {[%emt 00:00:14]} Ra2 {[%clk 00:19:57]}
{[%emt 00:00:37]} 38. Rxa2 {[%clk 00:22:51]} {[%emt 00:00:13]} Bxa2 {[%clk
00:19:53]} {[%emt 00:00:09]} 39. Kf1 {[%clk 00:21:26]} {[%emt 00:01:30]} f6
{[%clk 00:19:40]} {[%emt 00:00:18]} 40. Ke2 {[%clk 00:20:55]} {[%emt 00:00:36]}
Kf7 {[%clk 00:19:37]} {[%emt 00:00:08]} 41. Kd3 {[%clk 00:20:51]} {[%emt
00:00:09]} Ke6 {[%clk 00:19:35]} {[%emt 00:00:08]} 42. Ke4 {[%clk 00:20:29]}
{[%emt 00:00:27]} Bd5+ {[%clk 00:19:14]} {[%emt 00:00:26]} 43. Kf4 {[%clk
00:19:50]} {[%emt 00:00:44]} Bxg2 {[%clk 00:19:04]} {[%emt 00:00:14]} 0-1